Statistics for Los Angeles Lakers 2000's Starters

Click here to take the quiz!

General Stats

  • This quiz has been taken 779 times
    (608 since last reset)
  • The average score is 10 of 23

Answer Stats

PlayerStarts% Correct
Kobe Bryant10
100%
Shaquille O'Neal5
99%
Pau Gasol2
90%
Derek Fisher3
88%
Lamar Odom3
68%
Andrew Bynum2
65%
Rick Fox3
64%
Karl Malone1
62%
Gary Payton1
58%
Ron Harper2
48%
Horace Grant1
44%
Kwame Brown1
38%
A.C. Green1
37%
Smush Parker1
32%
Glen Rice1
31%
Devean George1
23%
Luke Walton2
21%
Chris Mihm2
15%
Vladimir Radmanovic1
13%
Samaki Walker2
12%
Caron Butler1
9%
Chucky Atkins1
9%
Lindsey Hunter1
8%

Score Distribution

Percentile by Number Answered

Percent of People with Each Score

Your Score History

You have not taken this quiz since the last reset